000 00951nam a22002777a 4500
001 1952
003 FISKH
005 20231020101649.0
008 231020b cb ||||| |||| 00| 0 eng d
015 _2bnb
_aGBA463118
016 _2Uk
_a012981021
020 _a9781840896220
040 _aFISKH
_beng
_cFISKH
_dFISKH
082 _a823.914
100 _aRobinson, Hilary
_d1962-
245 _aPet to school day /
_cby Hilary Robinson ; illustrated by Tim Archbold.
260 _aLondon :
_bEvans,
_c2005.
300 _a32 unnumbered pages:
_bcolor illustrations ;
_c27 cm
505 _aG
520 _aIt's Pet to School Day today but Mr Spink's pet is too wild to bring to school. Is it a bull? Is it an elephant? What could it be? And is Mr Spink as brave as he seems?
521 8 _a410
_bLexile
521 8 _aG
_bRaz-Plus
650 _aChildren's stories
_vPictorial works.
700 _aArchbold, Tim
_eAuthor
942 _2ddc
_cBK
_n0
999 _c1952
_d1952